Third and final announcement (XXIVth International Horticultural Congress 21-27 August 1994, Kyoto, Japan)
Đã lưu trong:
| Format: | Bog |
|---|---|
| Sprog: | Undetermined |
| Udgivet: |
Japan
ISHS
1994
|
| Fag: | |
| Tags: |
Tilføj Tag
Ingen Tags, Vær først til at tagge denne postø!
|
| Thư viện lưu trữ: | Trung tâm Học liệu Trường Đại học Cần Thơ |
|---|
| LEADER | 00483nam a2200157Ia 4500 | ||
|---|---|---|---|
| 001 | CTU_38782 | ||
| 008 | 210402s9999 xx 000 0 und d | ||
| 082 | |a 635 | ||
| 082 | |b T445 | ||
| 245 | 0 | |a Third and final announcement (XXIVth International Horticultural Congress 21-27 August 1994, Kyoto, Japan) | |
| 260 | |a Japan | ||
| 260 | |b ISHS | ||
| 260 | |c 1994 | ||
| 650 | |a horticulture - congress | ||
| 904 | |i Liên, 990910 | ||
| 980 | |a Trung tâm Học liệu Trường Đại học Cần Thơ | ||